书目信息 |
| 题名: |
冯其庸点评红楼梦
|
|
| 作者: | 冯其庸 著 | |
| 分册: | ||
| 出版信息: | 北京 团结出版社 2004.09 |
|
| 页数: | 384页 | |
| 开本: | 20cm | |
| 丛书名: | 红楼大家丛书 | |
| 单 册: | ||
| 中图分类: | I207.411-53 | |
| 科图分类: | ||
| 主题词: | 古典小说--文学研究--中国--清代--文集 | |
| 电子资源: | ||
| ISBN: | 7-80130-841-7 | |
| 000 | 00882nam 2200253 450 | |
| 001 | 0159351593 | |
| 005 | 20051025160413.73 | |
| 010 | @a7-80130-841-7@dCNY22.80 | |
| 100 | @a20050413d2004 km y0chiy0120 ea | |
| 101 | 0 | @achi |
| 102 | @aCN@b110000 | |
| 105 | @ay z 000ay | |
| 200 | 1 | @a冯其庸点评红楼梦@Afeng qi yong dian ping hong lou meng@f冯其庸著@Ffeng qi yong zhu |
| 210 | @a北京@c团结出版社@d2004.09 | |
| 215 | @a384页@d20cm | |
| 225 | 2 | @a红楼大家丛书@Ahong lou da jia cong shu@h第二辑 |
| 330 | @a本书收录作者关于《红楼梦》评论的文章有:《林黛玉薛宝钗合论》、《<红楼梦>里的现实世界》、《作者的立场》等。 | |
| 410 | 0 | @12001 @a红楼大家丛书 |
| 605 | @a红楼梦@x文学研究@x文集 | |
| 606 | 0 | @a古典小说@x文学研究@y中国@z清代@x文集 |
| 690 | @aI207.411-53@v4 | |
| 701 | 0 | @a冯其庸@Afeng qi yong@4著 |
| 801 | 0 | @aCN@bQSSK@c20051025 |
| 905 | @a10447@dI207.411-53@eF508 | |
| 冯其庸点评红楼梦/冯其庸著.-北京:团结出版社,2004.09 |
| 384页;20cm.-(红楼大家丛书.第二辑) |
| ISBN 7-80130-841-7:CNY22.80 |
| 本书收录作者关于《红楼梦》评论的文章有:《林黛玉薛宝钗合论》、《<红楼梦>里的现实世界》、《作者的立场》等。 |
| ● |
| 相关链接 |
|
|
|
正题名:冯其庸点评红楼梦
索取号:I207.411-53/F508
 
预约/预借
| 序号 | 登录号 | 条形码 | 馆藏地/架位号 | 状态 | 备注 |
| 1 | 573022 | 205730226 | 文学库108/108文学库 9排8列4层/ [索取号:I207.411-53/F508] | 在馆 | |
| 2 | 573023 | 205730235 | 文学库108/108文学库 9排8列4层/ [索取号:I207.411-53/F508] |
已借出,限还日期为2024.12.10 借出人:杜博杭 |
|
| 3 | 573024 | 205730244 | 文学库108/108文学库 9排8列4层/ [索取号:I207.411-53/F508] | 在馆 |